000 00299nam a22001337a 4500
008 170906b xxu||||| |||| 00| 0 eng d
020 _a2900131930680
041 _aeng
080 _27TH
_a72
100 _a41
101 _aARK
245 _aCONTEMPORARY URBAN PLANNING
_cLEVY,J.M
942 _2udc
_cBK
999 _c26337
_d26337